| 000 | 005760000a22002050004500 | ||
|---|---|---|---|
| 005 | 20120302052415.0 | ||
| 942 | _cBOOK | ||
| 100 | _a Barpujari, H.K. | ||
| 245 | _a American missionaries and north-east India: 1839-1900 A.D.: A documentary study | ||
| 260 |
_aDelhi: _bSpectrum, _c1986 |
||
| 300 | _alvii,322p | ||
| 040 | _aENG | ||
| 365 | _bRs.160.00 | ||
| 650 | _aAmerican-Missionaries | ||
| 650 | _aIndia-Documentary-Study | ||
| 650 | _aAmerican-Baptist-Missionaries | ||
| 650 | _aUrban-Development | ||
| 650 | _aChritian-Education | ||
| 650 | _aHill-Tribes-Assam | ||
| 999 |
_c340029 _d340026 |
||